00571nam a2200181Ia 450000500170000000800410001708200130005810000200007124500800009126000400017130000160021165000110022765000130023865000190025194200060027095200980027699900150037420240610015854.0240331s9999 xx 000 0 und d bENGa339 aEngineer, Irfan 0aUnderdevelopment poverty :bpolitical economy of migrationcIrfan, Engineer aMumbaibVikas Adhyayan Kendrac1997 avi, 86 p ., asocial aEconomic aCane and Labor cL 001040708LaWERCLbWERCLcSSCd2024-03-31l0o 339.46 ENGp4754r2024-03-31w2024-03-31yL c2791d2791